000 00537nam a22001937a 4500
008 131031b xxu||||| |||| 00| 0 ger d
020 _a3817471637
041 0 _ager
080 _a33
_x(=111)(038)
100 1 _aTilley, Robert
245 _aFit for Business English :
_cRobert Tilley
260 _aMunchen :
_bCompact Verlag ;
_c2001.
300 _a160 f. :
_bme il. ;
_c19 cm.
500 _aVorwort : f. 3
650 _aFjalorë terminologjik
650 _aGjuha angleze
650 _aBiznesi
942 _2udc
_cBK
999 _c228
_d228